000 00828nam a2200205Ia 4500
003 OSt
005 20241120103956.0
007 ca aa aaaaa
008 201103s9999 xx 000 0 und d
040 _cSSBUL
041 _abur
082 _223
_a၂၉၄.၃၇၂ ဟ
_b၉၁၇၁ S-SAT
100 _aဟရိဗလ-ကုသိနာရုံ
_915823
245 1 0 _aမဇ္စျိမဒေသသာသနာပြုအတွေအကြုံများ /
_cဟရိဗလ-ကုသိနာရုံ။
260 _aရန်ကုန် ၊
_bရွှေပုရပိုက်စာပေ၊
_c၁၉၉၃။
300 _a၃၀၅ စာမျက်နှာ ၊
_c၂၁ စင်တီ။
500 _aS-SAT: Dr. Sai Aung Tun
650 _aဗုဒ္ဓသာသနာပြု
942 _2ddc
_cBK1
999 _c16692
_d16692